Biology of the invertebrates

This book, together with lectures and laboratory sesions, opens the door to the great and growing literature of invertebrate zoology.

Đã lưu trong:
Bibliografiske detaljer
Hovedforfatter: Pechenik, Jan A.
Format: Bog
Sprog:Undetermined
Udgivet: New York McGraw-Hill Companies, Inc. 2005
Fag:
Tags: Tilføj Tag
Ingen Tags, Vær først til at tagge denne postø!
Thư viện lưu trữ: Trung tâm Học liệu Trường Đại học Cần Thơ
LEADER 00684nam a2200205Ia 4500
001 CTU_138020
008 210402s9999 xx 000 0 und d
020 |c 119.80 
082 |a 592 
082 |b P364 
100 |a Pechenik, Jan A. 
245 0 |a Biology of the invertebrates 
245 0 |c Jan A. Pechenik 
260 |a New York 
260 |b McGraw-Hill Companies, Inc. 
260 |c 2005 
520 |a This book, together with lectures and laboratory sesions, opens the door to the great and growing literature of invertebrate zoology. 
650 |a Invertebrates,Động vật học 
904 |i Hồng Nhung 
980 |a Trung tâm Học liệu Trường Đại học Cần Thơ